MLB Baseball Click Chain - Statistics

General Stats
  • This quiz has been taken 53 times
    52 since last reset
  • The average score is 13 of 30
Answer Stats
Hint Answer % Correct
Phillies starting pitcher Taijuan… Walker
72%
… whose manager was in the finals for AL Manager of the Year award but placed… 2nd
69%
… who also won the World Series in… 2025
62%
… which is the first name of another starting pitcher who ended the World Series in 2024 with the… Dodgers
62%
… to the… Blue Jays
59%
… which was the last year that the Astros were in the… National League
59%
… to Stephen… Vogt
59%
… who, in 2024, had the worst record in the… American League
52%
… which are located in the state of… Missouri
52%
… which is also home to the team of the… Royals
52%
… which was founded in… 1901
48%
… who finished their division in 2023 placed… 3rd
48%
… who manages the… Guardians
48%
… who’s catcher’s first name is… William
48%
… who most recently won the AL pennant in… 2012
45%
… who’s brother plays for the team in… Saint Louis
45%
… who, in the last week of the 2025 season, narrowly beat their division rival, the… Tigers
45%
… which is home to the… Brewers
41%
… who’s stadium is called… Kauffman
41%
… which was founded in… 1876
38%
… which is the name of only one MLB player, who’s first name was… Dick
38%
… who also appeared in the 2009 World Series but lost to the… Yankees
38%
… which was the first name of 2025 Hall of Fame Inductee… Allen
34%
… which the most recent MLB player with that last name last played in… 2008
31%
… which is the first part of the name of a famous trading card company, ___ &… Ginter
28%
… who are located in the same city as the… White Sox
28%
… which was the year that the pennant was won by the… White Stockings
28%
… which was the year that the World Series was won by the… Phillies
24%
… in the city of… Milwaukee
17%
… who are the modern-day… Cubs
10%
No matching quizzes found
Score Distribution
Percent of People with Each Score
Percentile by Number Answered
Your Score History
You have not taken this quiz since the last reset